000 00932nam a22002417a 4500
005 20170828152018.0
010 _aB-58955
020 _c00.00
_a8171415717
035 _aB-058955
037 _bCen Lib/Ret
082 _a372.3
_bSCI
245 _aScience education in Asia and the pacific /
_cedited by Digumarti Bhaskara Rao
260 _aNew Delhi
_bDiscovery Publishing House
_c2001
270 _a4831/24, Ansari Road, Darya Ganj
_bNew Delhi
_e110002
300 _a429p.
_c22cm(Hb)
490 _a Bulletin of the Unesco Regional Office for Education in Asia and the Pacific
650 _aScience and Technology
650 _aScience--Study and teaching
650 _aविज्ञान और प्रौद्योगिकी
650 _a विज्ञान - अध्ययन और अध्यापन
700 _aRao, Digumarti Bhaskara
_94707
942 _2ddc
_cEN
_h372.3
_mSCI
999 _c123199
_d123199